Countries with Walmart Stores - Statistics

General Stats
  • This quiz has been taken 317 times
  • The average score is 13 of 27
Answer Stats
# of Stores Answer % Correct
4,669 United States
99%
380 Canada
95%
2,389 Mexico
92%
568 United Kingdom
89%
397 China
87%
564 Brazil
85%
437 Japan
82%
100 Argentina
73%
20 India
67%
334 Chile
66%
337 South Africa
52%
212 Costa Rica
50%
206 Guatemala
46%
74 Honduras
46%
80 El Salvador
45%
80 Nicaragua
45%
2 Nigeria
27%
12 Botswana
20%
3 Namibia
20%
1 Tanzania
20%
1 Zambia
20%
17 Mozambique
18%
1 Uganda
17%
1 Ghana
15%
3 Lesotho
13%
2 Malawi
12%
1 Swaziland
9%
No matching quizzes found
Score Distribution
Percent of People with Each Score
Percentile by Number Answered
Your Score History
You have not taken this quiz